000 01482nam0a2200337 4500
001 RU\NLR\BIBL_A\012648373
005 20220221124748.0
010 _a978-5-88727-167-5
_9100
021 _aRU
_bКН-П-21-048936
_9КН-П-21-3856
035 _a(NLR Aleph) 012648373
090 _a12718530
_c12718530
100 _a20211123d2021 k y0rusy50 ca
101 0 _arus
102 _aRU
105 _aacb z 000zy
181 0 _ai
_baxxe
182 0 _an
200 1 _aОборонительное строительство на западных рубежах России ( СССР)
_eвоенные строители на службе Отечеству 1914-1945 гг.
_fВ. Н. Маляров
203 _aТекст
_bвизуальный
_cнепосредственный
210 _aМосква
_c[б. и.]
_d2021
215 _a357 с.
_cил., цв. ил., портр., карт.
_d29
320 _aБиблиогр.: с. 325-339 (631 назв.)
320 _aУказ. имен: с. 347-357
606 1 _aОборонительные сооружения
_xСтроительство
_z20 в.
_92502960
_3RU\NLR\AUTH\6601699773
606 1 _aОборонительные укрепления
_xСтроительство
_z20 в.
_92502963
_3RU\NLR\AUTH\6601699774
686 1 _aЦ561.21-8г
700 1 _aМаляров
_bВ. Н.
_gВалерий Николаевич
942 _cBOOK
980 _aNB